Loading...
Social Science | 2 | 6 | 0 | 4 | 90 | 69 | 115.75 | 0 | 2 |
History - World History | 3 | 2 | 4 | 1 | 45 | 35 | 81.60 | 3 | 5 |
Philosophy | 1 | 3 | 0 | 1 | 45 | 70 | 110.00 | 0 | 1 |
Literature - World Literature | 1 | 3 | 0 | 0 | 45 | 70 | 122.50 | 1 | 1 |
Geography | 2 | 1 | 0 | 0 | 40 | 78 | 93.33 | 1 | 3 |
Fine Arts - Visual Fine Arts | 0 | 2 | 0 | 1 | 20 | 112 | 134.00 | 0 | 1 |
Other Academic | 0 | 2 | 1 | 0 | 15 | 85 | 92.50 | 1 | 1 |
Fine Arts - Classical Music and Opera | 0 | 2 | 1 | 1 | 15 | 122 | 139.00 | 0 | 1 |
Fine Arts - Other Fine Arts | 0 | 2 | 1 | 1 | 15 | 127 | 138.00 | 0 | 1 |
History - European History | 0 | 3 | 3 | 0 | 15 | 92 | 108.67 | 0 | 1 |
History - Other History | 0 | 4 | 5 | 1 | 15 | 75 | 115.75 | 1 | 3 |
Literature - American Literature | 0 | 1 | 0 | 1 | 10 | 146 | 146.00 | 0 | 0 |
Science - Astronomy | 0 | 1 | 0 | 0 | 10 | 124 | 124.00 | 0 | 1 |
Science - Biology | 0 | 1 | 0 | 0 | 10 | 123 | 123.00 | 0 | 0 |
Beliefs | 0 | 3 | 5 | 0 | 5 | 116 | 128.67 | 1 | 2 |
History - US History | 0 | 1 | 1 | 0 | 5 | 109 | 109.00 | 0 | 0 |
Literature - British Literature | 0 | 0 | 0 | 0 | 0 | 0.00 | 0 | 0 | |
Literature - European Literature | 0 | 0 | 1 | 0 | -5 | 0.00 | 0 | 0 | |
Science - Physics | 0 | 0 | 2 | 0 | -10 | 0.00 | 0 | 0 |